[Event "Foment Martinenc op-B 21st"]
[Site "Barcelona"]
[Date "2019.06.22"]
[Round "9"]
[White "Garcia Extremera, Manuel"]
[Black "Guinjoan Fradera, Joan"]
[Result "1/2-1/2"]
[WhiteElo "1375"]
[BlackElo "1423"]
[PlyCount "64"]
[EventDate "2019.04.27"]
[EventType "swiss"]
[EventRounds "9"]
[EventCountry "ESP"]
[SourceTitle "EXT 2020"]
[Source "ChessBase"]
[SourceDate "2019.10.17"]
[SourceVersion "1"]
[SourceVersionDate "2019.10.17"]
[SourceQuality "1"]

1. d4 d5 2. c4 dxc4 3. e4 e6 4. Bxc4 Nf6 5. Nc3 Nc6 6. Be3 Bb4 7. Nge2 Nxe4 8. Qc2 Nxc3 9. bxc3 Bd6 10. Rd1 0-0 11. Ng3 Qh4 12. Bd3 h6 13. 0-0 f5 14. f4 Ne7 15. c4 Ng6 16. Qd2 b6 17. c5 Be7 18. c6 a5 19. Qe2 Bd6 20. Bc4 Kh8 21. Qf3 Qg4 22. Qxg4 fxg4 23. Ne4 Ba6 24. Bxa6 Rxa6 25. Nxd6 cxd6 26. c7 Ra7 27. Rc1 Rc8 28. g3 Raxc7 29. Rxc7 Rxc7 30. f5 exf5 31. Rxf5 Rc3 32. Bf2 Rc6 1/2-1/2

[Event "Foment Martinenc op-B 21st"]
[Site "Barcelona"]
[Date "2019.06.08"]
[Round "7"]
[White "Rull Borrell, Salvador"]
[Black "Guinjoan Fradera, Joan"]
[Result "1/2-1/2"]
[WhiteElo "1659"]
[BlackElo "1423"]
[PlyCount "89"]
[EventDate "2019.04.27"]
[EventType "swiss"]
[EventRounds "9"]
[EventCountry "ESP"]
[SourceTitle "EXT 2020"]
[Source "ChessBase"]
[SourceDate "2019.10.17"]
[SourceVersion "1"]
[SourceVersionDate "2019.10.17"]
[SourceQuality "1"]

1. e4 c5 2. Nf3 e6 3. d4 cxd4 4. Nxd4 Nc6 5. Nc3 d6 6. Be2 Nf6 7. 0-0 Be7 8. Be3 0-0 9. Kh1 d5 10. exd5 Nxd5 11. Nxc6 bxc6 12. Nxd5 cxd5 13. c4 dxc4 14. Bxc4 Bb7 15. Qg4 Kh8 16. Rfd1 Qc7 17. Rac1 Rfd8 18. Bd4 Bf6 19. Bxe6 Qe7 20. Bb3 Rd6 21. Re1 Qd8 22. Bxf6 Rxf6 23. Qe2 h6 24. Rc3 Qd4 25. Re3 Qb4 26. f3 a5 27. Bc2 g6 28. Kg1 Qd4 29. b3 Re8 30. Qf2 Rxe3 31. Qxe3 Qxe3+ 32. Rxe3 Rc6 33. Re2 Rc7 34. Kf2 Kg7 35. f4 Bd5 36. Be4 Bxe4 37. Rxe4 Kf6 38. g3 Kf5 39. Rc4 Rxc4 40. bxc4 Ke4 41. c5 Kd5 42. c6 Kxc6 43. Ke3 Kd7 44. Kd4 Ke6 45. a3 1/2-1/2

[Event "Barcelona Sant Marti op 8th"]
[Site "Barcelona"]
[Date "2019.02.14"]
[Round "5"]
[White "Guinjoan Fradera, Joan"]
[Black "Serentill Tost, Eduard"]
[Result "0-1"]
[WhiteElo "1432"]
[BlackElo "1669"]
[PlyCount "73"]
[EventDate "2019.01.17"]
[EventType "swiss"]
[EventRounds "9"]
[EventCountry "ESP"]
[SourceTitle "CBM 189 Extra"]
[Source "ChessBase"]
[SourceDate "2019.06.03"]
[SourceVersion "1"]
[SourceVersionDate "2019.06.03"]
[SourceQuality "1"]

1. e4 e6 2. Nf3 d5 3. exd5 exd5 4. d4 Nf6 5. Bg5 Nbd7 6. Bd3 Bd6 7. Qe2+ Qe7 8. Qxe7+ Bxe7 9. 0-0 0-0 10. Re1 Re8 11. Nbd2 b6 12. Ne5 Bd6 13. Nxd7 Rxe1+ 14. Rxe1 Nxd7 15. Re8+ Nf8 16. Ba6 Bb7 17. Rxa8 Bxa8 18. Nf3 Ne6 19. Be3 f6 20. Bc8 Kf7 21. c3 c5 22. a3 c4 23. Bxe6+ Kxe6 24. h3 g5 25. Nh2 Kf5 26. Ng4 h5 27. Nh2 Ke4 28. g4 h4 29. Nf1 Kd3 30. Bd2 Kc2 31. Kg2 Kxb2 32. a4 Bc6 33. Ne3 Ka3 34. Nf5 Bf8 35. f4 gxf4 36. Nxh4 Bxa4 37. Bxf4 0-1

[Event "Barcelona Sant Marti op 8th"]
[Site "Barcelona"]
[Date "2019.02.07"]
[Round "4"]
[White "Guinjoan Fradera, Joan"]
[Black "Febrero Perez, Lluis"]
[Result "1/2-1/2"]
[WhiteElo "1432"]
[BlackElo "1419"]
[PlyCount "63"]
[EventDate "2019.01.17"]
[EventType "swiss"]
[EventRounds "9"]
[EventCountry "ESP"]
[SourceTitle "CBM 189 Extra"]
[Source "ChessBase"]
[SourceDate "2019.06.03"]
[SourceVersion "1"]
[SourceVersionDate "2019.06.03"]
[SourceQuality "1"]

1. e4 e5 2. c4 Nf6 3. d3 b6 4. Nf3 Bb4+ 5. Bd2 Qe7 6. a3 Bxd2+ 7. Qxd2 Bb7 8. Nc3 c6 9. Be2 0-0 10. 0-0 d5 11. cxd5 cxd5 12. exd5 Nxd5 13. Nxd5 Bxd5 14. Rfe1 Nd7 15. Bf1 Bxf3 16. gxf3 Nc5 17. Qc3 Qg5+ 18. Bg2 Rfe8 19. Kh1 Rad8 20. Rad1 Ne6 21. Rxe5 Qg6 22. Re3 Nf4 23. Rg1 Rxe3 24. fxe3 Nxd3 25. Rf1 h5 26. h3 Qg3 27. Qc2 Ne1 28. Qf2 Qxg2+ 29. Qxg2 Nxg2 30. Kxg2 Rd2+ 31. Rf2 Rd3 32. e4 1/2-1/2

[Event "Barcelona Sant Marti op 8th"]
[Site "Barcelona"]
[Date "2019.01.31"]
[Round "3"]
[White "Falomir Ballega, Sergi"]
[Black "Guinjoan Fradera, Joan"]
[Result "1/2-1/2"]
[WhiteElo "1628"]
[BlackElo "1432"]
[PlyCount "54"]
[EventDate "2019.01.17"]
[EventType "swiss"]
[EventRounds "9"]
[EventCountry "ESP"]
[SourceTitle "CBM 189 Extra"]
[Source "ChessBase"]
[SourceDate "2019.06.03"]
[SourceVersion "1"]
[SourceVersionDate "2019.06.03"]
[SourceQuality "1"]

1. d4 e6 2. Nf3 d5 3. e3 Nf6 4. Bd3 Be7 5. b3 0-0 6. 0-0 b6 7. Bb2 Ba6 8. c4 Nbd7 9. Nbd2 c5 10. Qe2 Bb7 11. Rfd1 Qc7 12. Rac1 Bd6 13. dxc5 bxc5 14. cxd5 exd5 15. Nf1 Rfe8 16. Nd4 Qb6 17. Nf5 Be5 18. Bxe5 Rxe5 19. Qc2 Rc8 20. Qb1 Re6 21. N5g3 Ne5 22. Bf5 Qc6 23. Bxe6 fxe6 24. f3 Ng6 25. Qc2 Nh4 26. Qf2 Ng6 27. Nd2 Ne5 1/2-1/2

[Event "Barcelona Sant Marti op-B 20th"]
[Site "Barcelona"]
[Date "2018.07.17"]
[Round "5"]
[White "Guinjoan Fradera, Joan"]
[Black "Marcos Rodriguez, Raul"]
[Result "0-1"]
[WhiteElo "1470"]
[BlackElo "1360"]
[PlyCount "38"]
[EventDate "2018.07.13"]
[EventType "swiss"]
[EventRounds "9"]
[EventCountry "ESP"]
[SourceTitle "EXT 2019"]
[Source "ChessBase"]
[SourceDate "2018.10.10"]
[SourceVersion "1"]
[SourceVersionDate "2018.10.10"]
[SourceQuality "1"]

1. e4 c6 2. Bc4 d5 3. exd5 cxd5 4. Bb3 e5 5. Nf3 Qc7 6. Bxd5 Nf6 7. Bb3 Bc5 8. d3 Bf5 9. Be3 Nbd7 10. 0-0 Bg4 11. h3 Bh5 12. g4 Nxg4 13. hxg4 Bxg4 14. Nbd2 Qc6 15. Ne4 f5 16. Bxc5 Nxc5 17. Nxc5 Bxf3 18. Qd2 Qg6+ 19. Kh2 Qg2# 0-1

[Event "Barcelona Sant Marti op 7th"]
[Site "Barcelona"]
[Date "2018.03.08"]
[Round "9"]
[White "Guinjoan Fradera, Joan"]
[Black "Molina Tabernero, Jordi"]
[Result "0-1"]
[WhiteElo "1507"]
[BlackElo "1432"]
[PlyCount "124"]
[EventDate "2018.01.11"]
[EventType "swiss"]
[EventRounds "9"]
[EventCountry "ESP"]
[SourceTitle "EXT 2019"]
[Source "ChessBase"]
[SourceDate "2018.10.10"]
[SourceVersion "1"]
[SourceVersionDate "2018.10.10"]
[SourceQuality "1"]

1. e4 e5 2. Nf3 Nc6 3. c4 Bc5 4. d3 h6 5. Be2 Nf6 6. h3 d6 7. Nc3 a6 8. 0-0 0-0 9. Be3 Nd4 10. Na4 Nxe2+ 11. Qxe2 Bxe3 12. Qxe3 Be6 13. Nc3 c6 14. a3 Qd7 15. Rad1 Nh5 16. Ne2 f5 17. exf5 Bxf5 18. g4 Bxg4 19. hxg4 Qxg4+ 20. Ng3 Rxf3 21. Qe4 Qxe4 22. dxe4 Nxg3 23. fxg3 Rxg3+ 24. Kh2 Rg6 25. Rd2 Rf8 26. Rf5 Rxf5 27. exf5 Rf6 28. Kg3 Rxf5 29. Rxd6 h5 30. b4 g5 31. Rh6 h4+ 32. Kg4 Rf4+ 33. Kxg5 Rxc4 34. Re6 Kg7 35. Re7+ Kf8 36. Rxe5 h3 37. Re3 h2 38. Rh3 Rc2 39. Kf6 Rf2+ 40. Ke6 Kg8 41. Kd7 Rf7+ 42. Ke6 Rh7 43. Rg3+ Rg7 44. Rh3 Rg2 45. Kd7 a5 46. Kc7 Rg7+ 47. Kb6 axb4 48. axb4 Rh7 49. Rg3+ Kf7 50. Rf3+ Ke6 51. Rf1 h1Q 52. Rxh1 Rxh1 53. Kxb7 Kd6 54. Kb6 Rb1 55. Ka5 Kc7 56. Ka4 Kb6 57. Ka3 Kb5 58. Ka2 Rxb4 59. Ka3 c5 60. Ka2 c4 61. Ka3 c3 62. Ka2 c2 0-1

[Event "Barcelona Sant Marti op 7th"]
[Site "Barcelona"]
[Date "2018.03.01"]
[Round "8"]
[White "Guinjoan Fradera, Joan"]
[Black "Orts Gonzalez, Rafael"]
[Result "1-0"]
[WhiteElo "1507"]
[BlackElo "1090"]
[PlyCount "69"]
[EventDate "2018.01.11"]
[EventType "swiss"]
[EventRounds "9"]
[EventCountry "ESP"]
[SourceTitle "EXT 2019"]
[Source "ChessBase"]
[SourceDate "2018.10.10"]
[SourceVersion "1"]
[SourceVersionDate "2018.10.10"]
[SourceQuality "1"]

1. e4 e5 2. Nf3 Nc6 3. d4 f6 4. d5 Nce7 5. Bd3 d6 6. h3 f5 7. Nh4 g6 8. exf5 gxf5 9. Qh5+ Kd7 10. Bxf5+ Nxf5 11. Qxf5+ Ke8 12. Qh5+ Kd7 13. Ng6 Nf6 14. Nxf8+ Rxf8 15. Qh4 Nxd5 16. Qxh7+ Ne7 17. Bg5 Re8 18. Nc3 c6 19. Ne4 Kc7 20. 0-0-0 Bf5 21. Bxe7 Rxe7 22. Qxf5 d5 23. Nc5 Qd6 24. Nb3 Qh6+ 25. Kb1 Rf8 26. Qd3 Rxf2 27. Rd2 e4 28. Qg3+ Rf4 29. Rf2 Ref7 30. Rxf4 Rxf4 31. Rf1 Qh4 32. Qxf4+ Qxf4 33. Rxf4 e3 34. Rf1 d4 35. Nxd4 1-0

[Event "Barcelona Sant Marti op 7th"]
[Site "Barcelona"]
[Date "2018.02.22"]
[Round "7"]
[White "Garcia Miralles, Eduard"]
[Black "Guinjoan Fradera, Joan"]
[Result "1-0"]
[WhiteElo "1345"]
[BlackElo "1507"]
[PlyCount "107"]
[EventDate "2018.01.11"]
[EventType "swiss"]
[EventRounds "9"]
[EventCountry "ESP"]
[SourceTitle "EXT 2019"]
[Source "ChessBase"]
[SourceDate "2018.10.10"]
[SourceVersion "1"]
[SourceVersionDate "2018.10.10"]
[SourceQuality "1"]

1. e4 c5 2. Nf3 e6 3. c3 d6 4. Bc4 Nf6 5. d3 Be7 6. 0-0 0-0 7. Bg5 h6 8. Bh4 d5 9. exd5 Nxd5 10. Bxe7 Nxe7 11. Na3 a6 12. Nc2 b5 13. Bb3 Bb7 14. a4 Nd7 15. h3 Nf6 16. Ne3 Ned5 17. Bc2 Qc7 18. Qd2 Nf4 19. Nh2 Qc6 20. f3 Ng6 21. Rfd1 Rfd8 22. Neg4 Nxg4 23. Nxg4 Qd6 24. Qe3 Qg3 25. Qf2 Qxf2+ 26. Kxf2 Nf4 27. Rd2 Bc6 28. axb5 axb5 29. Rad1 f6 30. d4 c4 31. b3 Nd5 32. Be4 cxb3 33. Bxd5 Bxd5 34. Ne3 Ra2 35. Rxa2 bxa2 36. Nxd5 exd5 37. Ke3 Ra8 38. Ra1 Ra3 39. Kd2 Kf7 40. Kc2 Ke7 41. Kb2 Ra4 42. Rxa2 Rxa2+ 43. Kxa2 Kd6 44. Kb3 f5 45. g3 g5 46. h4 gxh4 47. gxh4 h5 48. Kb4 Kc6 49. Ka5 f4 50. Ka6 Kc7 51. Kxb5 Kd6 52. Kb6 Kd7 53. Kc5 Ke6 54. Kc6 1-0

[Event "Barcelona Sant Marti op-B 19th"]
[Site "Barcelona"]
[Date "2017.07.18"]
[Round "6"]
[White "Tortosa Moros, Joan"]
[Black "Guinjoan Fradera, Joan"]
[Result "1-0"]
[WhiteElo "1672"]
[BlackElo "1531"]
[PlyCount "45"]
[EventDate "2017.07.13"]
[EventType "swiss"]
[EventRounds "9"]
[EventCountry "ESP"]
[SourceTitle "EXT 2018"]
[Source "ChessBase"]
[SourceDate "2017.10.13"]
[SourceVersion "1"]
[SourceVersionDate "2017.10.13"]
[SourceQuality "1"]

1. e4 c5 2. Nf3 e6 3. d4 Be7 4. Be2 d6 5. 0-0 Nf6 6. e5 dxe5 7. dxe5 Qxd1 8. Rxd1 Nd5 9. a3 0-0 10. c4 Nb6 11. Nc3 Bd7 12. Bg5 Bxg5 13. Nxg5 h6 14. Nge4 Na4 15. Nxa4 Bxa4 16. Rd2 b6 17. Bf3 Nc6 18. Nc3 Nd4 19. Nxa4 Nxf3+ 20. gxf3 f5 21. Rd6 f4 22. Rad1 Rf5 23. Rxe6 1-0

[Event "Barcelona Sant Marti op-B 19th"]
[Site "Barcelona"]
[Date "2017.07.16"]
[Round "4"]
[White "Ramon Herraez, Alex"]
[Black "Guinjoan Fradera, Joan"]
[Result "1-0"]
[WhiteElo "1694"]
[BlackElo "1531"]
[PlyCount "69"]
[EventDate "2017.07.13"]
[EventType "swiss"]
[EventRounds "9"]
[EventCountry "ESP"]
[SourceTitle "EXT 2018"]
[Source "ChessBase"]
[SourceDate "2017.10.13"]
[SourceVersion "1"]
[SourceVersionDate "2017.10.13"]
[SourceQuality "1"]

1. d4 d5 2. Nf3 Nf6 3. c4 e6 4. e3 c5 5. Be2 Be7 6. 0-0 0-0 7. Nc3 Nc6 8. b3 b6 9. Bb2 Bb7 10. dxc5 Bxc5 11. cxd5 Nxd5 12. Nxd5 Qxd5 13. Qc2 Ne7 14. Rfd1 Qc6 15. Bf1 Ng6 16. Rac1 Qe8 17. Qc3 f6 18. Ng5 Qe7 19. Nxe6 Rfc8 20. Nxc5 Rxc5 21. Qd2 Rxc1 22. Rxc1 Rd8 23. Qc3 Rc8 24. Qd4 Rxc1 25. Bxc1 Ne5 26. Bb2 Qc7 27. Ba3 h6 28. Qb4 Kh7 29. Qd4 Qc6 30. Qf4 Qc2 31. Qg3 Qxa2 32. Bf8 Ng6 33. Bxg7 Qb1 34. Qc7 Bxg2 35. Bxf6+ 1-0

[Event "Barcelona Sant Marti op-B 19th"]
[Site "Barcelona"]
[Date "2017.07.15"]
[Round "3"]
[White "Guinjoan Fradera, Joan"]
[Black "Minko, Uliana"]
[Result "1-0"]
[WhiteElo "1531"]
[BlackElo "1293"]
[PlyCount "81"]
[EventDate "2017.07.13"]
[EventType "swiss"]
[EventRounds "9"]
[EventCountry "ESP"]
[SourceTitle "EXT 2018"]
[Source "ChessBase"]
[SourceDate "2017.10.13"]
[SourceVersion "1"]
[SourceVersionDate "2017.10.13"]
[SourceQuality "1"]

1. e4 c5 2. Nf3 Nc6 3. d4 cxd4 4. Nxd4 g6 5. Nxc6 bxc6 6. c3 Bg7 7. Bc4 e6 8. 0-0 Ne7 9. Be3 d5 10. exd5 exd5 11. Bb3 0-0 12. Bd4 Bh6 13. Bc5 Re8 14. Re1 a5 15. Nd2 Bg7 16. Nf3 Bg4 17. h3 Bf5 18. Nd4 Bd7 19. Nf3 Nf5 20. Qd2 Bh6 21. Rxe8+ Bxe8 22. Qe2 Bg7 23. Bc2 Bd7 24. Re1 Be6 25. Bxf5 Bxf5 26. Nd4 Bd7 27. Qe7 Qc8 28. Qd6 Be8 29. Qf4 Bd7 30. Re7 Be8 31. Rc7 Qb8 32. Nxc6 Qxb2 33. Ne7+ Kh8 34. Nxd5 Qxa2 35. Nf6 Qa1+ 36. Kh2 Qxc3 37. Bd4 Qe1 38. Nxe8 Qxe8 39. Rxf7 Bxd4 40. Qxd4+ Kg8 41. Qg7# 1-0

[Event "Barcelona Sant Marti op 6th"]
[Site "Barcelona"]
[Date "2017.02.16"]
[Round "6"]
[White "Guinjoan Fradera, Joan"]
[Black "Saez Lopez, Carlos"]
[Result "0-1"]
[WhiteElo "1528"]
[BlackElo "1657"]
[PlyCount "130"]
[EventDate "2017.01.12"]
[EventType "swiss"]
[EventRounds "9"]
[EventCountry "ESP"]
[SourceTitle "EXT 2018"]
[Source "ChessBase"]
[SourceDate "2017.10.13"]
[SourceVersion "1"]
[SourceVersionDate "2017.10.13"]
[SourceQuality "1"]

1. e4 e6 2. Nf3 d5 3. exd5 exd5 4. d4 Bd6 5. c3 Bg4 6. h3 Bh5 7. Be3 Nc6 8. Be2 Nf6 9. 0-0 0-0 10. Nbd2 Ne4 11. Nxe4 dxe4 12. Nd2 Bxe2 13. Qxe2 f5 14. Nc4 Qe7 15. Nxd6 cxd6 16. f4 Qe6 17. Qb5 Qf7 18. d5 a6 19. Qc4 Ne7 20. Rad1 Rfc8 21. Qb3 b5 22. Rd2 Ng6 23. g3 Nf8 24. Rg2 Nd7 25. g4 Nc5 26. Bxc5 Rxc5 27. gxf5 Qxf5 28. Kh2 Qxd5 29. Rfg1 g6 30. Qc2 Qf5 31. Qf2 Rf8 32. Rg4 Rcc8 33. Qe3 Rf7 34. Rf1 Rcf8 35. Kg3 Qd5 36. h4 Rf5 37. Re1 Re8 38. Kf2 Kf7 39. Re2 Qd3 40. Qxd3 exd3 41. Rxe8 Kxe8 42. Ke3 Kf7 43. Kxd3 h5 44. Rg2 Rxf4 45. Rh2 Kf6 46. Ke3 Kf5 47. Rd2 Rxh4 48. Rxd6 Rh2 49. Rxa6 Rxb2 50. Rb6 Rxa2 51. Rxb5+ Kg4 52. Rb6 g5 53. Rb1 Ra3 54. Kd2 h4 55. c4 Ra5 56. Rc1 h3 57. c5 h2 58. c6 Ra8 59. Ke2 Kg3 60. c7 Rc8 61. Rc5 g4 62. Rc3+ Kg2 63. Rc4 g3 64. Ke3 h1Q 65. Rc2+ Kh3 0-1

[Event "Barcelona Sant Marti op 6th"]
[Site "Barcelona"]
[Date "2017.01.26"]
[Round "3"]
[White "Ylla Soro, Rafael"]
[Black "Guinjoan Fradera, Joan"]
[Result "1/2-1/2"]
[WhiteElo "1649"]
[BlackElo "1528"]
[PlyCount "44"]
[EventDate "2017.01.12"]
[EventType "swiss"]
[EventRounds "9"]
[EventCountry "ESP"]
[SourceTitle "EXT 2018"]
[Source "ChessBase"]
[SourceDate "2017.10.13"]
[SourceVersion "1"]
[SourceVersionDate "2017.10.13"]
[SourceQuality "1"]

1. e4 c5 2. Nc3 e6 3. g3 Nf6 4. Bg2 d5 5. exd5 exd5 6. d4 Be6 7. Nge2 Nc6 8. 0-0 cxd4 9. Nxd4 Nxd4 10. Qxd4 Be7 11. Bg5 0-0 12. Rad1 h6 13. Bf4 Bd6 14. Be5 Bxe5 15. Qxe5 Re8 16. Rfe1 Bg4 17. Rxd5 Rxe5 18. Rxd8+ Rxd8 19. Rxe5 Rd2 20. Bxb7 Rxc2 21. Nb5 Bh3 22. Re1 Bd7 1/2-1/2

[Event "Foment Martinenc op-B 18th"]
[Site "Barcelona"]
[Date "2016.06.11"]
[Round "8"]
[White "Riu Borge, Albert"]
[Black "Guinjoan Fradera, Joan"]
[Result "1-0"]
[WhiteElo "1873"]
[BlackElo "1527"]
[PlyCount "35"]
[EventDate "2016.04.23"]
[EventType "swiss"]
[EventRounds "9"]
[EventCountry "ESP"]
[SourceTitle "EXT 2017"]
[Source "ChessBase"]
[SourceDate "2016.10.25"]
[SourceVersion "1"]
[SourceVersionDate "2016.10.25"]
[SourceQuality "1"]

1. e4 c5 2. Nc3 e6 3. f4 d6 4. Nf3 Be7 5. Bc4 Nf6 6. d3 Nc6 7. 0-0 0-0 8. Qe1 h6 9. a4 a6 10. Qg3 d5 11. Bb3 d4 12. Ne2 Nh7 13. f5 Bg5 14. Nxg5 Nxg5 15. h4 exf5 16. hxg5 fxe4 17. gxh6 g6 18. Qxg6+ 1-0

[Event "Foment Martinenc op-B 18th"]
[Site "Barcelona"]
[Date "2016.05.21"]
[Round "5"]
[White "Gonzalez Trigo, Jose Luis"]
[Black "Guinjoan Fradera, Joan"]
[Result "1/2-1/2"]
[WhiteElo "1566"]
[BlackElo "1527"]
[PlyCount "100"]
[EventDate "2016.04.23"]
[EventType "swiss"]
[EventRounds "9"]
[EventCountry "ESP"]
[SourceTitle "EXT 2017"]
[Source "ChessBase"]
[SourceDate "2016.10.25"]
[SourceVersion "1"]
[SourceVersionDate "2016.10.25"]
[SourceQuality "1"]

1. e4 c5 2. Nf3 e6 3. d4 cxd4 4. Nxd4 Nc6 5. Be3 Nf6 6. f3 d5 7. exd5 Nxd5 8. Nxc6 bxc6 9. Bf2 Be7 10. Be2 0-0 11. c3 Nf4 12. 0-0 Bb7 13. Qc2 Nxe2+ 14. Qxe2 Qc7 15. Rd1 a5 16. Nd2 Rfd8 17. Nb3 Rd5 18. c4 Rdd8 19. Nc5 Bxc5 20. Bxc5 Rxd1+ 21. Rxd1 Rd8 22. Rd2 h6 23. Qd1 Rxd2 24. Qxd2 Bc8 25. Bd6 Qa7+ 26. c5 Bd7 27. a3 a4 28. Qb4 Bc8 29. b3 axb3 30. Qxb3 Qb7 31. Qb6 Qxb6 32. cxb6 f6 33. f4 Kf7 34. Kf2 g5 35. Ke3 Kg6 36. g3 gxf4+ 37. Kxf4 h5 38. h4 Bb7 39. a4 Ba6 40. a5 Bb7 41. Ke3 Kf5 42. Kd4 Bc8 43. Kc5 Bb7 44. a6 Bxa6 45. Kxc6 e5 46. Kc7 Kg4 47. Kb8 Kxg3 48. Be7 Kxh4 49. Bxf6+ Kg4 50. Bxe5 h4 1/2-1/2

[Event "Barcelona Sant Marti op-B 5th"]
[Site "Barcelona"]
[Date "2016.02.11"]
[Round "5"]
[White "Guinjoan Fradera, Joan"]
[Black "Climent Vidal, Pere"]
[Result "0-1"]
[WhiteElo "1545"]
[BlackElo "1603"]
[PlyCount "76"]
[EventDate "2016.01.14"]
[EventType "swiss"]
[EventRounds "9"]
[EventCountry "ESP"]
[SourceTitle "EXT 2017"]
[Source "ChessBase"]
[SourceDate "2016.10.25"]
[SourceVersion "1"]
[SourceVersionDate "2016.10.25"]
[SourceQuality "1"]

1. e4 e6 2. Nf3 d5 3. exd5 Qxd5 4. Nc3 Qd8 5. d4 Bb4 6. Bd2 Nf6 7. a3 Be7 8. Bd3 a6 9. 0-0 0-0 10. Ne4 Nxe4 11. Bxe4 Nd7 12. c3 Nf6 13. Bc2 b5 14. a4 Bb7 15. axb5 axb5 16. Re1 c5 17. Be3 Nd5 18. Qd3 g6 19. Qxb5 Nxe3 20. fxe3 Bxf3 21. gxf3 Rb8 22. Qd3 Rxb2 23. Rab1 Rxb1 24. Rxb1 Qd5 25. e4 Qg5+ 26. Kh1 Qf4 27. Rb7 c4 28. Qe2 Bg5 29. Rb4 Ra8 30. Rb1 Ra2 31. Rd1 Rxc2 32. Qxc2 Qxf3+ 33. Qg2 Qxd1+ 34. Qg1 Qxg1+ 35. Kxg1 Bd2 36. d5 exd5 37. exd5 Bxc3 38. d6 Kf8 0-1

[Event "Barcelona Sant Marti op-B 17th"]
[Site "Barcelona"]
[Date "2015.07.20"]
[Round "8"]
[White "Guinjoan Fradera, Joan"]
[Black "Bernat Mor, Juli"]
[Result "1-0"]
[WhiteElo "1726"]
[BlackElo "1687"]
[PlyCount "127"]
[EventDate "2015.07.13"]
[EventType "swiss"]
[EventRounds "9"]
[EventCountry "ESP"]
[SourceTitle "EXT 2016"]
[Source "ChessBase"]
[SourceDate "2015.10.08"]
[SourceVersion "1"]
[SourceVersionDate "2015.10.08"]
[SourceQuality "1"]

1. e4 c6 2. d4 d5 3. Nc3 dxe4 4. Nxe4 Bf5 5. Ng3 Bg6 6. Nf3 h6 7. Bd3 Bxd3 8. Qxd3 Nf6 9. 0-0 e6 10. Bf4 Na6 11. c3 Be7 12. Rad1 Nd5 13. Bc1 Bd6 14. Ne5 0-0 15. Ne4 Be7 16. f4 f5 17. Ng3 Re8 18. Qf3 c5 19. Qh5 Rf8 20. Ng6 Nf6 21. Qe2 Re8 22. Qxe6+ Kh7 23. Qxf5 Bd6 24. Ne5+ Kg8 25. Qg6 Nd5 26. Nf5 Qf6 27. Nxd6 Qxg6 28. Nxg6 Re6 29. Nf5 Kh7 30. Ngh4 Rae8 31. dxc5 Nf6 32. Nf3 Nxc5 33. Rfe1 Nce4 34. Ng3 Nxg3 35. hxg3 Ne4 36. f5 R6e7 37. Bf4 g5 38. fxg6+ Kxg6 39. Kf1 Kf5 40. Nd2 Nxd2+ 41. Bxd2 Rxe1+ 42. Rxe1 Rd8 43. Re2 Rd3 44. Bxh6 Rxg3 45. Kf2 Rg6 46. Be3 Kg4 47. g3 Rf6+ 48. Bf4 Ra6 49. a3 Rc6 50. Re7 Rc8 51. Re4 Kf5 52. Re5+ Kg4 53. Re7 Rd8 54. Ke2 Rh8 55. Rxb7 Rh2+ 56. Kd3 Kf3 57. c4 Rh1 58. Rxa7 Rd1+ 59. Kc3 Rc1+ 60. Kb4 Rd1 61. c5 Rd4+ 62. Kb5 Rd3 63. b4 Rd8 64. Bd6 1-0

[Event "Barcelona Sant Marti op-B 17th"]
[Site "Barcelona"]
[Date "2015.07.19"]
[Round "7"]
[White "Perez Serrallonga, Maxima"]
[Black "Guinjoan Fradera, Joan"]
[Result "0-1"]
[WhiteElo "1655"]
[BlackElo "1726"]
[PlyCount "94"]
[EventDate "2015.07.13"]
[EventType "swiss"]
[EventRounds "9"]
[EventCountry "ESP"]
[SourceTitle "EXT 2016"]
[Source "ChessBase"]
[SourceDate "2015.10.08"]
[SourceVersion "1"]
[SourceVersionDate "2015.10.08"]
[SourceQuality "1"]

1. d4 d5 2. c4 dxc4 3. e3 e6 4. Bxc4 Bb4+ 5. Bd2 Bxd2+ 6. Nxd2 Nf6 7. Ngf3 a6 8. 0-0 b5 9. Be2 Bb7 10. b4 Ne4 11. Nb3 Nc3 12. Qd2 Nxe2+ 13. Qxe2 0-0 14. Nc5 Bd5 15. e4 Bc4 16. Nd3 Nc6 17. Qd2 Nxd4 18. Nfe5 Bxd3 19. Qxd3 f6 20. Nf3 Nxf3+ 21. Qxf3 Qe7 22. a3 Rad8 23. h3 Rd4 24. Qe3 e5 25. f4 Rfd8 26. f5 Rd3 27. Qa7 Qd6 28. Rac1 Rd7 29. Qb7 Rxa3 30. Rc6 Qxb4 31. Qc8+ Qf8 32. Qxd7 h6 33. Rxc7 Kh7 34. Rc8 Qb4 35. Qf7 Qd4+ 36. Kh1 Rxh3+ 37. gxh3 Qxe4+ 38. Kg1 Qe3+ 39. Kg2 Qe2+ 40. Rf2 Qe4+ 41. Kf1 Qd3+ 42. Re2 Qxf5+ 43. Rf2 Qxc8 44. Rxf6 Qxh3+ 45. Kg1 Qg4+ 46. Kf2 Qh4+ 47. Kf3 Qxf6+ 0-1

[Event "Barcelona Sant Marti op-B 17th"]
[Site "Barcelona"]
[Date "2015.07.14"]
[Round "2"]
[White "Guinjoan Fradera, Joan"]
[Black "Riera Danes, Manel"]
[Result "0-1"]
[WhiteElo "1726"]
[BlackElo "1996"]
[PlyCount "106"]
[EventDate "2015.07.13"]
[EventType "swiss"]
[EventRounds "9"]
[EventCountry "ESP"]
[SourceTitle "EXT 2016"]
[Source "ChessBase"]
[SourceDate "2015.10.08"]
[SourceVersion "1"]
[SourceVersionDate "2015.10.08"]
[SourceQuality "1"]

1. e4 c5 2. Nf3 Nc6 3. d4 cxd4 4. Nxd4 Nf6 5. Nc3 e5 6. Nb3 Bb4 7. Bd3 Bxc3+ 8. bxc3 h6 9. f4 0-0 10. 0-0 d5 11. exd5 Nxd5 12. Qe1 Nxf4 13. Bxf4 exf4 14. Rxf4 Be6 15. Qf2 Qc7 16. Nd4 Nxd4 17. cxd4 Rac8 18. Qf3 b6 19. d5 Qc5+ 20. Qf2 Qxf2+ 21. Rxf2 Bxd5 22. Re2 Be6 23. Re3 Rfd8 24. a3 Kf8 25. Kf2 Rc3 26. Re2 Rdc8 27. a4 R8c5 28. g3 Bc4 29. Rae1 Be6 30. Ra1 g6 31. h4 h5 32. Rd2 Kg7 33. Re2 Kf6 34. Rd2 Ra5 35. Rdd1 Bg4 36. Rdc1 Bd7 37. Bb5 Bf5 38. Ra2 a6 39. Be2 b5 40. Rb2 bxa4 41. Rb6+ Kg7 42. Bxa6 Rxc2+ 43. Rxc2 Bxc2 44. Bc4 Ra7 45. Ba2 a3 46. Ke3 Bf5 47. Kf4 Be6 48. Bxe6 fxe6 49. Rb1 a2 50. Ra1 Kf6 51. Ke4 Ra4+ 52. Ke3 Kf5 53. Rf1+ Kg4 0-1